000 00633nam a2200217Ia 4500
003 OSt
005 20220923221900.0
006 a|||||r|||| 00| 0
007 ta
008 220922b |||||||| |||| 00| 0 hin d
024 _a200,814
037 _cTextual
040 _aARTS
_cARTS
_bhin
041 _2hin
_ahin
082 _aO164:1:90/\73, 152H0
100 _aबांके बिहारी
_9156318
245 0 _aईरान के सूफी कवि
246 _aĪrān ke sūfī kavi
942 _hO164:1:90/\73, 152H0
_cTEXL
_2CC
999 _c352485
_d352485